Statistieken voor Supermarkten in België

Klik hier om de quiz te nemen!

Algemene statistieken

  • Deze quiz is 263 keer genomen
    (53 sinds de laatste reset)
  • De gemiddelde score is 8 van 22

Antwoordstatistieken

Waar actiefAantal
Winkels
Naam SupermarktLand van Oorsprong% Correct
BE783CarrefourFR
89%
BE440AldiDE
85%
BE775DelhaizeBE
85%
BE249ColruytBE
81%
BE323LidlDE
79%
VL81Albert HeijnNL
74%
BE316SparNL
70%
VL32JumboNL
66%
BE156OkayBE
40%
BE82IntermarchéFR
23%
VL5CruBE
19%
BE52AlvoBE
13%
BE33Bio PlanetBE
11%
BE115Louis DelhaizeBE
11%
BRU/WAL7CoraBE
9%
BE37Mini MarketBE
4%
BE41ComarktBE
2%
BE3HanosNL
2%
VL3Horeca TotaalW-VL
2%
BE4MyPriceRU
2%
BE7SligroNL
2%
W-VL4SpegelaereBE
2%

Scoreverdeling

Percentiel versus Aantal Correcte Antwoorden

Procent van Mensen met Elke Score

Uw Scoregeschiedenis

U heeft deze quiz nog niet genomen sinds de laatste reset